| 000 | 00390nam a2200145Ia 4500 | ||
|---|---|---|---|
| 008 | 240729s9999 xx 000 0 und d | ||
| 022 | _a2667-0739 | ||
| 245 | 0 | _aJournal of Medical Evidence | |
| 260 | _aIndia | ||
| 260 | _bWolters Kluwer Medknow Publications | ||
| 650 | _aMedicine | ||
| 856 | _uhttps://doaj.org/toc/60a65c36c93448bbaa6730b6709636a7 | ||
| 942 | _2ddc | ||
| 942 | _cDOAJEJ | ||
| 999 |
_c66432 _d66432 |
||
| 945 |
_a1 _bMadushi Gamage _c1 _dMadushi Gamage |
||